| 000 | 00463nam a22001457a 4500 | ||
|---|---|---|---|
| 999 |
_c527666 _d527666 |
||
| 020 | _qHBK. | ||
| 082 | _a658.4 | ||
| 100 | _aQamar, Hamza | ||
| 245 |
_aBusiness Transformation Through Process Re-Engineering Using Business Enterprise Billing System / _cHamza Qamar. |
||
| 260 |
_aIslamabad: _bNBS - NUST, _c2014. |
||
| 300 |
_a54 p. : ill. ; _c30cm. |
||
| 942 |
_2ddc _cTHE |
||
| 650 |
_aEMBA Thesis. _917645 |
||